| 000 | 01925cam a22003011 4500 | ||
|---|---|---|---|
| 001 | 6903 | ||
| 003 | BD-RjUL | ||
| 005 | 20211208234333.0 | ||
| 008 | 140112s1962 enkacf b 001 0 eng | ||
| 035 | _a(BD-RjUL)6945 | ||
| 035 | _a(OCoLC)774416 | ||
| 040 |
_aDLC _cOWibfC _dOCoLC _dUk _dPBfG _dDLC _dBD-RjUL _beng |
||
| 041 | 1 | _aengund | |
| 082 | 0 | 0 |
_a508 _bNEU 1962 |
| 100 | 1 |
_aNewton, Isaac, _d1642-1727. _921665 |
|
| 245 | 1 | 0 |
_aUnpublished scientific papers of Isaac Newton : _ba selection from the Portsmouth collection in the University Library, Cambridge / _cChosen, edited, and translated by A. Rupert Hall and Marie Boas Hall. |
| 260 |
_aCambridge [Eng.] : _bUniversity Press, _c1962. |
||
| 300 |
_axx, [1], 415 p. : _b5 plates (incl. port.) diagrs. ; _c24 cm. |
||
| 500 | _aIncludes index. | ||
| 504 | _aBibliography: p. xvii. "Bibliography of works relating to Newton's manuscripts": p. xix-[xxi] | ||
| 505 | 0 | _aMathematics. To resolve problems by motion -- Calculations of centripetal forces -- Mechanics. De gravitatione et aequipondio fluidorum -- The lawes of motion -- The elements of mechanicks -- Gravia in trochoide descendentia -- Theory of matter. De aere et aethere -- Manuscripts related to the Principia. Early drafts of propositions in mechanics -- On motion in ellipses -- Partial draft of the preface -- Fragment on the law of inertia -- Draft addition to book III, proposition VI, corollaries 4 and 5 -- Atmosphaera solis -- Conclusion -- Scholium generale -- Education. Of educating youth in the universities --Cosmography -- Phaenomena -- Astronomia -- Astronomy, geography, navigation, &c. -- Notes. Annotations and comments upon Hooke's Micrographia. | |
| 650 | 0 |
_aScience. _921666 |
|
| 700 | 1 |
_aHall, A. Rupert _q(Alfred Rupert), _d1920-2009, _eed. and tr. _921551 |
|
| 700 | 1 |
_aHall, Marie Boas, _d1919- _eed. and tr. _921667 |
|
| 942 |
_2ddc _cBK |
||
| 999 |
_c6903 _d6903 |
||